Justin Bieber: Complete Discography - Statistics

General Stats
  • This quiz has been taken 146 times
  • The average score is 73 of 231
Answer Stats
Album Song % Correct
My World 2.0 Baby
94%
Purpose Sorry
83%
Under The Mistletoe Mistletoe
80%
Believe Boyfriend
78%
Purpose Love Yourself
78%
Changes Yummy
77%
Purpose Purpose
76%
Purpose What Do You Mean?
76%
My World One Less Lonely Girl
75%
Believe Beauty And A Beat
74%
My World One Time
71%
Believe Believe
70%
Justice Peaches
70%
Journals Confident
68%
Swag Daisies
68%
My World Love Me
66%
Swag Yukon
66%
My World 2.0 Eenie Meenie
64%
Justice Ghost
63%
My World 2.0 (Bonus) Never Say Never
62%
Believe (Bonus) Maria
60%
Justice Somebody
59%
Changes Changes
57%
My World 2.0 Somebody To Love
57%
Justice Lonely
56%
Swag Swag
56%
My World Favorite Girl
54%
My World 2.0 That Should Be Me
54%
My World 2.0 U Smile
54%
Believe All Around The World
53%
Believe As Long As You Love Me
53%
Duets / Collaborations Stay
53%
Changes Intentions
52%
Purpose Company
51%
Believe Fall
49%
Journals All That Matters
47%
Justice Anyone
47%
My World 2.0 Up
47%
My World Down To Earth
46%
Justice (Bonus) Hailey
46%
Journals Heartbreaker
46%
Purpose Life Is Worth Living
46%
Purpose Where Are U Now
46%
Justice Hold On
45%
Justice Holy
45%
My World Bigger
44%
Purpose No Sense
44%
Believe Right Here
44%
Features I'm The One
43%
My World 2.0 Overboard
43%
My World 2.0 Runaway Love
43%
Purpose Children
41%
Features Cold Water
41%
Journals (Bonus) Flatline
41%
Purpose I'll Show You
41%
Features Let Me Love You
41%
My World 2.0 Never Let You Go
41%
Purpose No Pressure
41%
My World First Dance
40%
Purpose Mark My Words
40%
Swag II Speed Demon
40%
Justice 2 Much
39%
Journals Memphis
39%
Believe One Love
39%
Journals Roller Coaster
39%
Journals Swap It Out
39%
Believe Take You
39%
Purpose The Feeling
39%
My World (Bonus) Common Denominator
38%
Swag Devotion
38%
Swag II I Do
38%
Believe Die In Your Arms
37%
Under The Mistletoe Fa La La
37%
My World 2.0 (Bonus) Pray
37%
Swag Go Baby
36%
Journals Hold Tight
36%
Duets / Collaborations Stuck With U
36%
Believe Thought Of You
36%
Journals Bad Day
34%
Journals Change Me
34%
Features Lolly
34%
Believe (Bonus) She Don't Like The Lights
34%
My World 2.0 Stuck In The Moment
34%
Duets / Collaborations 10,000 Hours
33%
Believe Be Alright
33%
Believe Catching Feelings
33%
Justice Die For You
33%
Changes Habitual
33%
Justice Off My Face
33%
Journals All Bad
32%
Justice As I Am
32%
Journals Backpack
32%
Swag Butterflies
32%
Duets / Collaborations Friends
32%
Duets / Collaborations I Don't Care
32%
Justice Loved By You
32%
Justice Unstable
32%
Changes All Around Me
31%
Swag All I Can Take
31%
Justice Love You Different
31%
Justice MLK Interlude
31%
Duets / Collaborations Monster
31%
Journals One Life
31%
Journals PYD
31%
Features 2U
30%
Purpose (Bonus) All In It
30%
Changes Come Around Me
30%
Believe (Bonus) Fairytale
30%
Freedom Freedom
30%
Changes Get Me
30%
Believe (Bonus) Out Of Town Girl
30%
Justice (Bonus) Red Eye
30%
Purpose (Bonus) Trust
30%
Purpose (Bonus) Been You
29%
Under The Mistletoe Christmas Eve
29%
Changes Confirmation
29%
Changes E.T.A.
29%
Justice (Bonus) Name
29%
Features Next To You
29%
Journals Recovery
29%
Swag Walking Away
29%
Purpose (Bonus) We Are
29%
Believe (Bonus) Yellow Raincoat
29%
Swag 405
28%
Justice Deserve You
28%
Swag First Place
28%
Changes Forever
28%
Justice (Bonus) Know No Better
28%
Swag II Love Song
28%
Swag II Mother In You
28%
Changes Running Over
28%
Swag Things You Do
28%
Swag Too Long
28%
Changes At Least For Now
26%
Changes Available
26%
Swag Dadz Love
26%
Purpose (Bonus) Get Used To It
26%
Swag II Petting Zoo
26%
My World 2.0 (Bonus) Where Are You Now?
26%
Justice (Bonus) Angels Speak
25%
Swag II Everything Hallelujah
25%
Features No Brainer
25%
Swag Sweet Spot
25%
Under The Mistletoe (Bonus) Christmas Love
24%
Justice (Bonus) Lifetime
24%
Changes That's What Love Is
24%
Journals What's Hatnin'
24%
Justice (Bonus) Wish You Would
24%
Swag Zuma House
24%
Swag II Better Man
23%
Swag II Eye Candy
23%
Duets / Collaborations Honest
23%
Justice (Bonus) I Can't Be Myself
23%
Believe (Bonus) Nothing Like Us
23%
Changes Second Emotion
23%
Justice (Bonus) There She Go
23%
Believe (Bonus) Love Me Like You Do
22%
My World 2.0 (Bonus) Kiss And Tell
21%
Swag Standing On Business
21%
Swag II Story Of God
21%
Swag II All The Way
20%
Features Deja Vu
20%
Swag Glory Voice Memo
20%
Swag II Poppin' My Shit
20%
Features Private Landing
20%
Duets / Collaborations Wait For A Minute
20%
Swag Way It Is
20%
Swag II Bad Honey
18%
Duets / Collaborations Home To Mama
18%
Swag II I Think You're Special
18%
Changes Take It Out On Me
18%
Features #ThatPower
18%
Under The Mistletoe All I Want Is You
17%
Duets / Collaborations Attention
17%
Duets / Collaborations Beautiful
17%
Swag II Don't Wanna
17%
Under The Mistletoe Home This Christmas
17%
Singles I Feel Funny
17%
Believe (Bonus) I Would
17%
Singles Turn To You / Mother's Day Dedication
17%
Swag II Witchya
17%
Singles Beautiful Love
16%
My World 2.0 (Bonus) Born To Be Somebody
16%
Swag Forgiveness
16%
Swag II Safe Space
16%
Purpose (Bonus) The Most
16%
Features Up At Night
16%
Freedom All She Wrote
15%
Duets / Collaborations Don't Go
15%
Features Hard 2 Face Reality
15%
Features Maria I'm Drunk
15%
Swag II Moving Fast
15%
Swag II Oh Man
15%
Swag II Open Up Your Heart
15%
Freedom We're In This Together
15%
Purpose (Bonus) Hit The Ground
14%
Swag II Need It
14%
Swag Therapy Session
14%
Swag II Dotted Line
13%
Swag II Lyin'
13%
Features Playtime
13%
Freedom Afraid To Say
11%
Features Live My Life
11%
Swag Soulful
11%
Freedom Where Do I Fit In
11%
Believe (Bonus) Just Like Them
10%
Features Let It Go
10%
Features Lonely Christmas
10%
Swag II When It's Over
10%
Freedom Where You Go I Follow
10%
Features Don't Check On Me
9%
Features Rich Girl
9%
Features The Intro
9%
Features Falling For You
8%
Features Juke Jam
8%
Features Love Thru The Computer
8%
Features Sundown
8%
Duets / Collaborations Wandered To LA
8%
Features Future
7%
Believe (Bonus) Hey Girl
7%
Under The Mistletoe Only Thing I Ever Got For Christmas
7%
Features What You See
7%
Features Actin' Up
6%
Features Broken
6%
Features Moments
6%
Features Happy New Year
5%
Features Ladies Love Me
5%
Features Slave To The Rhythm
5%
Features Thinkin Bout You
5%
Features Time For Bed
5%
Features Twerk
5%
No matching quizzes found
Score Distribution
Percent of People with Each Score
Percentile by Number Answered
Your Score History
You have not taken this quiz